Statistiques concernant Classement Pixel War 2022

Cliquez ici pour prendre le quiz!

Statistiques générales

  • Ce quiz a été pris 52 fois
  • Le résultat moyen est 16 sur 22

Statistiques - réponses

#PaysNmb Pixel% Correct
2Allemagne152 000
100%
1France227 000
100%
17Espagne32 500
98%
4États-Unis114 000
98%
8Canada48 000
94%
13Italie39 500
92%
7Royaume-Uni49 000
85%
3Belgique117 000
83%
9Mexique47 000
81%
15Portugal36 500
79%
22Brésil23 000
77%
11Argentine42 500
75%
5Pays-Bas106 000
75%
14Pologne39 000
67%
20Suède25 000
63%
16Ukraine35 000
60%
6Turquie89 000
58%
10Colombie46 500
56%
12Inde40 000
54%
19Danemark26 000
52%
18Finlande29 000
50%
21Irlande24 000
44%

Distribution des résultats

Percentile par nombre de réponses

% des personnes avec chaque résultat

Votre développement - résultats

Vous n’avez pas pris ce quiz